[Event "FIDE Candidates 2024"]
[Site "Toronto CAN"]
[Date "2024.04.20"]
[Round "13.2"]
[White "Praggnanandhaa, R"]
[Black "Caruana, Fabiano"]
[Result "0-1"]
[WhiteTitle "GM"]
[BlackTitle "GM"]
[WhiteElo "2747"]
[BlackElo "2803"]
[WhiteFideId "25059530"]
[BlackFideId "2020009"]
[EventDate "2024.04.04"]

1. e4 c5 2. Nf3 Nc6 3. Bb5 Nf6 4. Bxc6 dxc6 5. d3 Qc7 6. Nbd2 e5 7. a4 Be6 8. b3
Be7 9. Nc4 Nd7 10. Ng5 Bxc4 11. bxc4 Nf8 12. Qg4 h5 13. Qf5 Bd6 14. O-O Qe7 15.
Qh3 f6 16. Nf3 g5 17. Nd2 Ne6 18. Re1 g4 19. Qe3 O-O-O 20. Qe2 Rdg8 21. Nf1 h4
22. Ne3 Nd4 23. Qd1 h3 24. g3 Nf3+ 25. Kh1 Nxe1 26. Qxe1 Qd7 27. Rb1 Bf8 28. Ba3
Kb8 29. Qe2 Ka8 30. Kg1 Rh7 31. Qd1 Rhg7 32. Kf1 Qd8 33. Qe1 Rg5 34. Rb3 Rh5 35.
Rb1 Bd6 36. Bb2 Bc7 37. Bc3 Qd7 38. Qd1 Bd6 39. Qe2 Bf8 40. f3 gxf3 41. Qxf3 Rh7
42. Nf5 Qe8 43. Bd2 Qh5 44. Qxh5 Rxh5 45. Ke2 b6 46. Kf3 Rh7 47. g4 Be7 48. Kg3
Bd8 49. Be3 a5 50. Rb3 Ka7 51. Rb1 Ka6 52. Rb2 Bc7 53. Rb1 Rb8 54. Rf1 b5 55.
cxb5+ cxb5 56. Bxc5 bxa4 57. Ne3 Bd8 58. Ba3 Rc8 59. Nc4 Rc6 60. Ra1 Bb6 61. Bc1
Bd4 62. Rxa4 Bc3 63. Ra3 Bb4 64. Ra2 Be1+ 65. Kf3 Rb7 66. Bb2 Rb5 67. c3 Rc7 68.
Ba1 Rd7 69. d4 Rc7 70. Ne3 exd4 71. cxd4 Rb3 72. Kf4 Rc1 73. e5 fxe5+ 74. dxe5
Rxa1 75. Rxa1 Bd2 76. e6 Bxe3+ 77. Kf5 Bc5 78. Rc1 Kb6 79. g5 Be7 80. Kg6 a4 81.
Rc8 Re3 82. Re8 a3 83. Ra8 Kb7 84. Ra5 Rxe6+ 85. Kf7 Ra6 86. Rxa6 Kxa6 87. g6 a2
88. g7 a1=Q 89. g8=Q Qa2+ 0-1

[Event "FIDE Candidates 2024"]
[Site "Toronto CAN"]
[Date "2024.04.20"]
[Round "13.3"]
[White "Vidit, Santosh Gujrathi"]
[Black "Abasov, Nijat"]
[Result "1/2-1/2"]
[WhiteTitle "GM"]
[BlackTitle "GM"]
[WhiteElo "2727"]
[BlackElo "2632"]
[WhiteFideId "5029465"]
[BlackFideId "13402960"]
[EventDate "2024.04.04"]

1. e4 e5 2. Nf3 Nf6 3. Nxe5 d6 4. Nf3 Nxe4 5. d4 d5 6. Bd3 Nc6 7. O-O Be7 8.
Nbd2 Nxd2 9. Bxd2 Bg4 10. c3 O-O 11. h3 Bh5 12. g3 Qd7 13. Kg2 Bg6 14. Bxg6 fxg6
15. Bf4 h6 16. Qd3 g5 17. Be5 Rf7 18. Rae1 Raf8 19. Re3 a6 20. Qe2 Rf5 21. b4
R5f7 22. a4 Na7 23. g4 Nc8 24. a5 Bd6 25. Re1 Qd8 26. Rf1 Ne7 27. Qd3 Qd7 28.
Kg1 Nc6 29. Kg2 Ne7 30. Kg1 Nc6 31. Kg2 Ne7 1/2-1/2

[Event "FIDE Candidates 2024"]
[Site "Toronto CAN"]
[Date "2024.04.21"]
[Round "14.1"]
[White "Nakamura, Hikaru"]
[Black "Gukesh, D"]
[Result "1/2-1/2"]
[WhiteTitle "GM"]
[BlackTitle "GM"]
[WhiteElo "2789"]
[BlackElo "2743"]
[WhiteFideId "2016192"]
[BlackFideId "46616543"]
[EventDate "2024.04.04"]

1. d4 d5 2. c4 dxc4 3. Nf3 Nf6 4. e3 e6 5. Bxc4 Be7 6. Nc3 c5 7. a3 O-O 8. O-O
a6 9. Qe2 b5 10. Ba2 cxd4 11. exd4 b4 12. Ne4 bxa3 13. bxa3 Bb7 14. Nc3 Nd5 15.
Bd2 Nxc3 16. Bxc3 Nd7 17. Bb1 Rc8 18. Bd2 Nf6 19. Bd3 Bxf3 20. Qxf3 Qxd4 21.
Rfd1 Qa4 22. Qb7 Bc5 23. Be1 a5 24. Qb5 Qxb5 25. Bxb5 Bb6 26. Rac1 Nd5 27. Kf1
Rfd8 28. a4 Kf8 29. g3 Ke7 30. Ke2 f5 31. Rc4 Rxc4 32. Bxc4 Nb4 33. Rb1 Bc5 34.
Rc1 Nc6 35. Bc3 g5 36. Bb5 Ba3 37. Rc2 Nd4+ 38. Bxd4 Rxd4 39. Rc7+ Kf6 40. Rxh7
Bb4 41. Bd3 e5 42. f3 e4 43. fxe4 fxe4 44. Bb5 Be7 45. h4 gxh4 46. gxh4 Rb4 47.
Rh5 Kg7 48. Bd7 Rd4 49. Be8 Bd8 50. Rf5 Bxh4 51. Rxa5 Kf6 52. Ra8 Bg5 53. Bh5
Rd2+ 54. Kf1 Ra2 55. a5 Ra1+ 56. Kg2 Ra2+ 57. Kf1 Ra1+ 58. Ke2 Ra2+ 59. Kd1 Rd2+
60. Ke1 Rd5 61. Ke2 Bd2 62. a6 Rxh5 63. a7 Ra5 64. Rf8+ Ke5 65. a8=Q Rxa8 66.
Rxa8 e3 67. Ra4 Kd5 68. Kd3 Kc5 69. Re4 Kd5 70. Rxe3 Bxe3 71. Kxe3 1/2-1/2

[Event "FIDE Candidates 2024"]
[Site "Toronto CAN"]
[Date "2024.04.21"]
[Round "14.2"]
[White "Caruana, Fabiano"]
[Black "Nepomniachtchi, Ian"]
[Result "1/2-1/2"]
[WhiteTitle "GM"]
[BlackTitle "GM"]
[WhiteElo "2803"]
[BlackElo "2758"]
[WhiteFideId "2020009"]
[BlackFideId "4168119"]
[EventDate "2024.04.04"]

1. d4 Nf6 2. c4 e6 3. Nc3 d5 4. cxd5 exd5 5. Bg5 Bb4 6. e3 h6 7. Bh4 g5 8. Bg3
Ne4 9. Qc2 h5 10. f3 Nxg3 11. hxg3 Be6 12. Bd3 c6 13. O-O-O Nd7 14. f4 Bg4 15.
Nf3 Qe7 16. e4 Bxc3 17. Qxc3 Bxf3 18. gxf3 dxe4 19. Bxe4 gxf4 20. g4 O-O-O 21.
d5 h4 22. dxc6 Nc5 23. Bf5+ Kb8 24. Kb1 b6 25. Rd7 Rxd7 26. cxd7 Rd8 27. Qd4
Nxd7 28. Rd1 Qc5 29. Qxf4+ Qc7 30. Qd2 h3 31. Be4 a5 32. Qd5 Ka7 33. Qxf7 h2 34.
Qh7 Kb8 35. a3 Qe5 36. Qh6 Qc7 37. g5 Rg8 38. Rh1 Nc5 39. Bh7 Rxg5 40. Qxg5
Qxh7+ 41. Ka1 Qc2 42. Qg8+ Ka7 43. Ka2 a4 44. f4 Nb3 45. Qg7+ Ka6 46. Qc3 Qg2
47. Qc4+ Kb7 48. Re1 Nc5 49. Qf1 Qd5+ 50. Kb1 Qf5+ 51. Ka1 Qc2 52. f5 Nd3 53.
Rb1 Nc5 54. f6 Nb3+ 55. Ka2 Nd2 56. Qh1+ Ka7 57. Rc1 Qb3+ 58. Ka1 Qe6 59. Rc7+
Ka6 60. f7 Nb3+ 61. Kb1 Qf5+ 62. Ka2 Nc5 63. Qa8+ Kb5 64. Qc6+ Ka6 65. Qa8+ Kb5
66. Qc6+ Ka6 67. Re7 Qf1 68. Qa8+ Kb5 69. Qe8+ Ka6 70. Qa8+ Kb5 71. Qe8+ Ka6 72.
Re4 Nxe4 73. Qxa4+ Kb7 74. Qxe4+ Ka7 75. Qa4+ Kb7 76. Qd7+ Ka6 77. Qc8+ Ka7 78.
f8=Q Qxf8 79. Qxf8 h1=Q 80. a4 Qd5+ 81. Ka3 Qd3+ 82. b3 Qd4 83. Qf7+ Kb8 84.
Qe8+ Ka7 85. Qe7+ Kb8 86. Qe1 Qd6+ 87. Qb4 Qf6 88. Qd2 Qe7+ 89. b4 Qe6 90. Qd3
Ka7 91. Qc3 Kb8 92. Qb3 Qf6 93. Qe3 Qd6 94. Kb3 Qd5+ 95. Kb2 Qd6 96. Qe8+ Ka7
97. Qf7+ Kb8 98. Kc3 Qe5+ 99. Kd3 Qd6+ 100. Kc4 Qc6+ 101. Kb3 Qd6 102. Qf3 Qd4
103. Qe2 Qd5+ 104. Ka3 Qd6 105. Qb5 Qd4 106. Kb3 Ka7 107. Qe2 Qd5+ 108. Ka3 Qd4
109. Kb3 1/2-1/2

[Event "FIDE Candidates 2024"]
[Site "Toronto CAN"]
[Date "2024.04.21"]
[Round "14.4"]
[White "Abasov, Nijat"]
[Black "Praggnanandhaa, R"]
[Result "0-1"]
[WhiteTitle "GM"]
[BlackTitle "GM"]
[WhiteElo "2632"]
[BlackElo "2747"]
[WhiteFideId "13402960"]
[BlackFideId "25059530"]
[EventDate "2024.04.04"]

1. d4 Nf6 2. c4 g6 3. Nc3 Bg7 4. g3 O-O 5. Bg2 d6 6. Nf3 Nbd7 7. O-O e5 8. e4
Re8 9. Re1 exd4 10. Nxd4 c6 11. h3 Qb6 12. Nb3 Ne5 13. Be3 c5 14. Bf1 Be6 15.
Nd5 Bxd5 16. exd5 Ne4 17. Kg2 a5 18. Nd2 Nxd2 19. Qxd2 Nd7 20. Rab1 a4 21. Qc2
Qa6 22. Bd2 Bd4 23. Bc3 Bxc3 24. bxc3 b6 25. a3 Kg7 26. Bd3 Qc8 27. f4 Qc7 28.
Qd2 Nf6 29. Bc2 Rxe1 30. Rxe1 Qd7 31. Rb1 Rb8 32. Qd1 Qe7 33. Qe1 Qxe1 34. Rxe1
b5 35. cxb5 Rxb5 36. Bxa4 Ra5 37. Bc6 Rxa3 38. Re3 Ra2+ 39. Kf3 Rh2 40. Re7 Kf8
41. Ra7 Rc2 42. Ra3 h6 43. Ba4 Rc1 44. Bc6 Kg7 45. Rb3 c4 46. Ra3 Rd1 47. g4
Rd3+ 48. Kg2 Nxd5 49. Bxd5 Rxd5 50. h4 Rd2+ 51. Kf3 Rd3+ 52. Ke4 Rh3 0-1